| 000 | 01160nam a22002057a 4500 | ||
|---|---|---|---|
| 005 | 20210325190808.0 | ||
| 008 | s2533 th tha d | ||
| 041 | _atha | ||
| 090 | _aว JQ1749.A53.L31 ธ213ก 2533 | ||
| 100 | 0 | _aธนัน อนุมานราชธน | |
| 245 | 1 | 0 | _aการเลือกตั้งสมาชิกสภาผู้แทนราษฎรจังหวัดลำพูน แทนตำแหน่งที่ว่าง (19 สิงหาคม 2533) |
| 260 | 3 |
_aเชียงใหม่ : _bโครงการศึกษาการเลือกตั้งและภาควิชารัฐศาสตร์ คณะสังคมศาสตร์ มหาวิทยาลัยเชียงใหม่, _c2533 |
|
| 300 |
_a114 หน้า : _b ตาราง ; _c 27 ซม. |
||
| 650 | 0 | 4 | _aการเลือกตั้ง -- ลำพูน -- 19 สิงหาคม 2533 |
| 650 | 0 | 4 | _aการเลือกตั้ง -- วิจัย |
| 850 | _aNALT | ||
| 942 | _cRSH | ||
| 997 |
_c000000000026410 _kVC |
||
| 998 | _aJATANARD SUWANDEE | ||
| 999 |
_c26410 _d26410 |
||